书目信息 |
| 题名: |
实验工程
|
|
| 作者: | 奥康纳 著 ;李金国 译 | |
| 分册: | ||
| 出版信息: | 北京 电子工业出版社 2005.11 |
|
| 页数: | 215页 | |
| 开本: | 24cm | |
| 丛书名: | 高等学校教材系列 | |
| 单 册: | ||
| 中图分类: | TB302 | |
| 科图分类: | TB302 | |
| 主题词: | 可靠性实验-高等学校-教材 | |
| 电子资源: | ||
| ISBN: | 7-121-01913-2 | |
| 000 | 00834nam0 2200253 450 | |
| 001 | 0638761788 | |
| 005 | 20070628160219.28 | |
| 010 | @a7-121-01913-2@dCNY 45.00 | |
| 100 | @a20060824d2005 km y0chiy0120 ea | |
| 101 | 0 | @achi |
| 102 | @b110000 | |
| 200 | 1 | @a实验工程@Ashi yan gong cheng@e成本有效的设计、研制和制造指南@f(英)奥康纳著;李金国等译@F(ying)ao kang na zhu;li jin guo deng yi |
| 210 | @a北京@c电子工业出版社@d2005.11 | |
| 215 | @a215页@d24cm | |
| 225 | 2 | @a高等学校教材系列 |
| 410 | 0 | @12001 @a高等学校教材系列 |
| 517 | 1 | @a成本有效的设计、研制和制造指南@Acheng ben you xiao de she ji、yan zhi he zhi zao zhi nan |
| 606 | 0 | @a可靠性实验-高等学校-教材 |
| 690 | @aTB302@v4 | |
| 692 | @aTB302 | |
| 701 | 0 | @a奥康纳@Aao kang na@4著 |
| 702 | 0 | @a李金国@Ali jin guo@4译 |
| 801 | 0 | @aCN@c20070628 |
| 905 | @dTB302@eA760 | |
| 实验工程:成本有效的设计、研制和制造指南/(英)奥康纳著;李金国等译.-北京:电子工业出版社,2005.11 |
| 215页;24cm.-(高等学校教材系列) |
| ISBN 7-121-01913-2:CNY 45.00 |
| ● |
| 相关链接 |
|
|
|
正题名:实验工程
索取号:TB302/A760
 
预约/预借
| 序号 | 登录号 | 条形码 | 馆藏地/架位号 | 状态 | 备注 |
| 1 | 450434 | 204504349 | 自科库501/501自科库 12排1列5层/ [索取号:TB302/A760] | 在馆 | |
| 2 | 609200 | 206092002 | 自科库501/501自科库 12排1列5层/ [索取号:TB302/A760] | 在馆 | |
| 3 | 609201 | 206092011 | 期刊室512/501自科库 12排1列5层/ [索取号:TB302/A760] | 在馆 | |
| 4 | 609202 | 206092020 | 期刊室512/501自科库 12排1列5层/ [索取号:TB302/A760] | 在馆 |